Normal view MARC view
  • PHARMACY

Entry Topical Term

Number of records used in: 1

001 - CONTROL NUMBER

  • control field: 5199

003 - CONTROL NUMBER IDENTIFIER

  • control field: OSt

005 - DATE AND TIME OF LATEST TRANSACTION

  • control field: 20200316112457.0

008 - FIXED-LENGTH DATA ELEMENTS

  • fixed length control field: 200316|| aca||aabn | a|a d

040 ## - CATALOGING SOURCE

  • Original cataloging agency: OSt
  • Transcribing agency: OSt

150 ## - HEADING--TOPICAL TERM

  • Topical term or geographic name as entry element: PHARMACY

670 ## - SOURCE DATA FOUND

  • Source citation: Work cat.: (OSt): MAGAZINE, RANJAN 5197, US FDA AND OTHER INTERNATIONAL DRUGS AND COSMETICS ACTS, 2017